<?xml version="1.0" encoding="UTF-8"?>
<record
    xmlns:xsi="http://www.w3.org/2001/XMLSchema-instance"
    xsi:schemaLocation="http://www.loc.gov/MARC21/slim http://www.loc.gov/standards/marcxml/schema/MARC21slim.xsd"
    xmlns="http://www.loc.gov/MARC21/slim">

  <leader>00801nam a22002057a 4500</leader>
  <controlfield tag="003">LK-CoDNM</controlfield>
  <controlfield tag="005">20241009154135.0</controlfield>
  <controlfield tag="008">241009b        |||||||| |||| 00| 0 eng d</controlfield>
  <datafield tag="040" ind1=" " ind2=" ">
    <subfield code="a">LK-CoDNM</subfield>
    <subfield code="d">LK-CoDNM</subfield>
    <subfield code="e">LK-CoDNM</subfield>
  </datafield>
  <datafield tag="041" ind1=" " ind2=" ">
    <subfield code="a">sin</subfield>
  </datafield>
  <datafield tag="080" ind1=" " ind2=" ">
    <subfield code="a">105</subfield>
    <subfield code="b">KK6</subfield>
  </datafield>
  <datafield tag="100" ind1=" " ind2=" ">
    <subfield code="a">&#xD9A;&#xDBB;&#xDB1;&#xDCA;&#xDB1;&#xDCF;&#xD9C;&#xDDC;&#xDA9; &#xD85;&#xDAF;&#xDD2;&#xD9A;&#xDCF;&#xDBB;&#xDB8;&#xDD2;,&#xD9A;&#xDDA;.&#xDC3;&#xDD3;.&#xDB6;&#xDD3;</subfield>
  </datafield>
  <datafield tag="245" ind1=" " ind2=" ">
    <subfield code="a">&#xDBB;&#xDCF;&#xDA2;&#xDCA;&#x200D;&#xDBA; &#xDB7;&#xDCF;&#xDC2;&#xDCF;&#xDC0; &#xDB4;&#xDD2;&#xDC5;&#xDD2;&#xDB6;&#xDB3; &#xD9A;&#xDD4;&#xDB8;&#xDCF;&#xDBB; &#xDC3;&#xDB1;&#xDCA;&#xDAF;&#xDDA;&#xDC1;&#xDBA;</subfield>
  </datafield>
  <datafield tag="260" ind1=" " ind2=" ">
    <subfield code="a">&#xDC4;&#xDDC;&#xDB3;&#xDC4;&#xDD2;&#xDAD; &#xDB8;&#xDD4;&#xDAF;&#xDCA;&#x200D;&#xDBB;&#xDAB;&#xDCF;&#xDBD;&#xDBA;</subfield>
    <subfield code="b">&#xDB8;&#xDC4;&#xDB1;&#xDD4;&#xDC0;&#xDBB;</subfield>
  </datafield>
  <datafield tag="300" ind1=" " ind2=" ">
    <subfield code="a">9p ; 23cm</subfield>
  </datafield>
  <datafield tag="650" ind1=" " ind2=" ">
    <subfield code="a">105 KK6</subfield>
  </datafield>
  <datafield tag="650" ind1=" " ind2=" ">
    <subfield code="a">&#xD9A;&#xDBB;&#xDB1;&#xDCA;&#xDB1;&#xDCF;&#xD9C;&#xDDC;&#xDA9; &#xD85;&#xDAF;&#xDD2;&#xD9A;&#xDCF;&#xDBB;&#xDB8;&#xDD2;,&#xD9A;&#xDDA;.&#xDC3;&#xDD3;.&#xDB6;&#xDD3;</subfield>
  </datafield>
  <datafield tag="650" ind1=" " ind2=" ">
    <subfield code="a">&#xDBB;&#xDCF;&#xDA2;&#xDCA;&#x200D;&#xDBA; &#xDB7;&#xDCF;&#xDC2;&#xDCF;&#xDC0; &#xDB4;&#xDD2;&#xDC5;&#xDD2;&#xDB6;&#xDB3; &#xD9A;&#xDD4;&#xDB8;&#xDCF;&#xDBB; &#xDC3;&#xDB1;&#xDCA;&#xDAF;&#xDDA;&#xDC1;&#xDBA;</subfield>
  </datafield>
  <datafield tag="942" ind1=" " ind2=" ">
    <subfield code="c">BK</subfield>
  </datafield>
  <datafield tag="952" ind1=" " ind2=" ">
    <subfield code="0">0</subfield>
    <subfield code="1">0</subfield>
    <subfield code="4">1</subfield>
    <subfield code="7">0</subfield>
    <subfield code="8">OBC</subfield>
    <subfield code="a">MAIN</subfield>
    <subfield code="b">MAIN</subfield>
    <subfield code="c">REF</subfield>
    <subfield code="d">2024-10-09</subfield>
    <subfield code="l">0</subfield>
    <subfield code="o">105 KK6</subfield>
    <subfield code="p">OJP2972-2</subfield>
    <subfield code="r">2024-10-09</subfield>
    <subfield code="w">2024-10-09</subfield>
    <subfield code="y">BK</subfield>
  </datafield>
  <datafield tag="999" ind1=" " ind2=" ">
    <subfield code="c">218781</subfield>
    <subfield code="d">218781</subfield>
  </datafield>
</record>
